000 00889nam a22002297a 4500
005 20170124110039.0
010 _aA-794491
020 _c00.00
_a8185427615
035 _aA-794491
037 _bCen Lib/Ret
040 _aDPL
_bEN
082 _a881.08
_bRAV
245 _aRe-viewing reviewing : the reception of modernist poetry in the times literary supplement 1912-1932 :
_cedited by Sumanyu Satpathy
_ban anthology /
260 _aMadras
_bT.R. Publications
_c1995
270 _aPMG Complex, II Floor 57, South Usman Road
_bMadras
_e600 017
300 _axii,166p. :
_c20cm(Hb)
500 _aIncludes index
650 _aAmerican poetry -- 20th century -- History and criticism.
_923376
650 _aEliot, T. S. -- (Thomas Stearns), -- 1888-1965 -- Criticism and interpretation.
_923377
700 _aSatpathy, Sumanyu
_923378
942 _2ddc
_cEN
_h881.08
_mRAV
999 _c128430
_d128430